000 01727nam a2200229Ia 4500
008 260220t1995||||xx |||||||||||||| ||spa||
040 _aPY-SlUNAC
_bspa
_erda
041 _aspa
082 _a551.48
_bSim68a
245 0 _aMemoria del 2° simposio sobre aguas subterráneas y perforación de pozos en el Paraguay
264 _aAsunción :
_bSalesiana,
_c℗1995.
300 _a1 volumen
520 _aEl libro "Memoria del 2° simposio sobre aguas subterráneas y perforación de pozos en el Paraguay" recopila las ponencias y discusiones realizadas durante el evento celebrado en Asunción en 1995, que reunió a expertos y profesionales del área para abordar la gestión y explotación sostenible de los recursos hídricos subterráneos en el país. A lo largo de sus páginas, se analizan temas como la importancia de las aguas subterráneas para el desarrollo agrícola y urbano, las técnicas de perforación de pozos, así como los desafíos ambientales y legislativos que enfrenta Paraguay en este ámbito. Además, se presentan casos de estudios locales y se destacan las mejores prácticas en la preservación y utilización de estos recursos, promoviendo un enfoque integrador que considera tanto la tecnología como las políticas públicas necesarias para garantizar el acceso sostenible al agua. Este simposio subraya la necesidad de un abordaje multidisciplinario para afrontar los retos del agua en el contexto nacional y regional.
653 _aAguas subterráneas
653 _aGestión del agua
653 _aPerforación de pozos
942 _b2026/02/17
_cBK
999 _c8039
_d8039